Countries, US States, Capitals, Elements, 100 Most Common Words: A + B + xy = C #8 - Statistics

General Stats
  • This quiz has been taken 40 times
  • The average score is 28 of 40
Answer Stats
ANSWER % Correct
Can
100%
Get
100%
Him
100%
One
100%
She
100%
Use
100%
And
97%
Some
97%
Will
97%
Its
91%
Boron
88%
Neon
88%
Riga
88%
Riga
88%
Nigeria
82%
Serbia
79%
s
73%
v
73%
Wellington
73%
b
61%
Michigan
61%
u
61%
a
58%
t
58%
West Virginia
58%
Dushanbe
55%
g
55%
o
55%
b
52%
Baton Rouge
52%
Buenos Aires
52%
g
52%
n
52%
Singapore
52%
u
52%
u
52%
w
52%
i
42%
p
42%
Seaborgium
42%
No matching quizzes found
Score Distribution
Percent of People with Each Score
Percentile by Number Answered
Your Score History
You have not taken this quiz